| 000 | 00454nam a2200145Ia 4500 | ||
|---|---|---|---|
| 008 | 220216s9999 xx 000 0 und d | ||
| 100 | _aChung B | ||
| 245 | 0 | _aCarbon black effects on flexing fatigue crack growth in rubber compounds | |
| 260 | _bIn: Proceedings of the International Rubber Conference, Kobe, 1995, p472-475 | ||
| 650 | _aCarbon black | ||
| 650 | _aCrack growth rate | ||
| 650 | _aRubber compounds | ||
| 700 | _aTokita N | ||
| 942 | _cJS | ||
| 999 |
_c55105 _d55105 |
||